[Event "28th WSCC Open 50 2018"]
[Site "Bled"]
[Date "2018.11.18"]
[Round "1"]
[White "Malinovsky, Petr"]
[Black "Arkell, Keith C"]
[Result "0-1"]
[WhiteElo "2048"]
[BlackElo "2443"]
[Annotator "NA"]
[PlyCount "62"]
[EventDate "2018.11.17"]
[EventType "swiss"]
[EventCountry "SLO"]
[SourceTitle "playchess.com"]
[Source "ChessBase"]
[SourceQuality "1"]
[TimeControl "40/5400+30:1800+30"]

1. d4 {[%emt 0:00:00]} e6 {[%emt 0:00:00]} 2. c4 {[%emt 0:00:00]} Bb4+ {[%emt 0:00:00]} 3. Nc3 {[%emt 0:00:06]} c5 {[%emt 0:00:00]} 4. e3 {[%emt 0:00:28]} Bxc3+ {[%emt 0:00:02] A40: Unusual replies to 1 d4} (4... b6 5. Nge2 Bb7 6. a3 Ba5 7. Bd2 Bxc3 8. Bxc3 Nf6 9. Ng3 cxd4 10. Qxd4 Nc6 11. Qf4 Qe7 12. O-O-O {0-1 (37) Hillarp Persson,T (2509)-Short,N (2688) Helsingor 2017}) 5. bxc3 {[%emt 0:00:10] LiveBook: 29 Games} f5 {[%emt 0:00:18]} 6. g4 {[%emt 0:00:32]} Nf6 {[%emt 0:00:28]} 7. h3 $146 {[%emt 0:05:49]} ({Predecessor:} 7. gxf5 exf5 8. Bd3 d6 9. Qf3 O-O 10. Ne2 Nc6 11. Bd2 Qe8 12. Rg1 {0-1 (31) Matuszewski,M (2325)-Arkell,K (2432) Coulsdon 2011}) 7... d6 {[%emt 0:00:26]} 8. Bd3 {[%emt 0:01:01]} O-O {[%emt 0:00:46]} 9. Ne2 {[%emt 0:02:05]} Nc6 {[%emt 0:00:08]} 10. Ng3 {[%emt 0:01:39]} g6 {[%emt 0:03:02]} 11. g5 {[%emt 0:10:15]} Nd7 {[%emt 0:00:35]} 12. f4 {[%emt 0:02:01]} e5 {[%emt 0:01:37]} 13. Bc2 {[%emt 0:15:32]} Nb6 {[%emt 0:06:00]} 14. h4 {[%emt 0:02:52]} exf4 {[%emt 0:03:11]} 15. exf4 {[%emt 0:00:33]} Nxc4 {[%emt 0:02:23]} 16. h5 {[%emt 0:04:25]} Kg7 {[%emt 0:06:17]} 17. hxg6 {[%emt 0:00:37]} hxg6 {[%emt 0:00:04]} 18. Rh6 {[%emt 0:04:23]} Rh8 {[%emt 0:04:11]} 19. Rxh8 {[%emt 0:04:18]} (19. Bb3 $17 Nb6 20. Kf2 Rxh6 21. gxh6+ Kh7 22. Qd3) 19... Qxh8 {[%emt 0:00:36]} 20. d5 $2 {[%emt 0:02:56]} (20. Qf3) 20... Qh2 {[%emt 0:07:21]} 21. Qf3 {[%emt 0:03:04]} Bd7 {[%emt 0:10:15]} (21... Qxc2 $142 22. dxc6 bxc6) 22. Bd3 $2 {[%emt 0:03:36] [#]} (22. Qf2 Re8+ 23. Kf1 Qh3+ 24. Kg1) 22... N6e5 $1 {[%emt 0:02:41]} 23. fxe5 {[%emt 0:04:20]} Nxe5 {[%emt 0:00:08]} 24. Qe3 {[%emt 0:03:54] [#]} f4 $1 {[%emt 0:00:28] Double Attack} 25. Qe2 {[%emt 0:06:11]} Qxg3+ {[%emt 0:03:20]} 26. Kd2 {[%emt 0:00:29]} Bg4 {[%emt 0:00:50]} 27. Qf1 {[%emt 0:01:18]} Nxd3 {[%emt 0:02:28]} 28. Kc2 $19 {[%emt 0:01:22]} Re8 {[%emt 0:04:28]} 29. Bd2 {[%emt 0:00:43]} Re2 {[%emt 0:02:21]} 30. Qh1 {[%emt 0:01:26]} Rxd2+ {[%emt 0:00:17]} 31. Kxd2 {[%emt 0:00:31]} Qf2+ {[%emt 0:00:05]} 0-1

[Event "28th WSCC Open 50 2018"]
[Site "Bled"]
[Date "2018.11.18"]
[Round "1"]
[White "Brongers, Henk"]
[Black "Bagaturov, Giorgi"]
[Result "0-1"]
[WhiteElo "2016"]
[BlackElo "2417"]
[Annotator "TA"]
[PlyCount "86"]
[EventDate "2018.11.17"]
[EventType "swiss"]
[EventCountry "SLO"]
[SourceTitle "playchess.com"]
[Source "ChessBase"]
[SourceQuality "1"]

{[%evp 20,86,19,10,27,17,8,18,18,23,32,0,37,13,20,0,0,0,0,-3,12,-20,52,0,8,-41,-54,-95,-38,-181,-195,-185,-167,-168,-170,-203,-228,-194,-181,-213,-189,-180,-143,-143,0,0,0,0,0,-148,-147,-472,-467,-1191,-1189,-1189,-1170,-1097,-740,-740,-735,-735,-735,-735,-734,-720,-717,-692,-677]} 1. e4 c5 2. Nf3 Nc6 3. d4 cxd4 4. Nxd4 Nf6 5. Nc3 d6 6. Bc4 e6 7. Be3 a6 8. a3 Be7 9. O-O O-O 10. Ba2 Bd7 11. f4 {LiveBook: 11 Games. B88: Sicilian: Sozin Attack} e5 $146 ({Predecessor:} 11... Rc8 12. Kh1 b5 13. f5 Nxd4 14. Bxd4 Qc7 15. Qd3 Kh8 16. Rad1 Rfd8 17. Qh3 d5 18. e5 Ng8 19. f6 gxf6 20. exf6 Bf8 21. Qh5 Nh6 22. Rd3 Nf5 23. Rh3 h6 24. Rxf5 exf5 25. Nxd5 {1-0 (25) Sindarov,J (2474)-Benidze,D (2487) Poti 2018}) 12. Nxc6 bxc6 13. f5 {The position is equal.} Rb8 14. Rb1 Qa5 15. Bb3 Kh8 (15... d5 $5 16. exd5 Bc5 17. Bxc5 Qxc5+ 18. Kh1 Rbd8 $14) 16. g4 {White wants to play g5.} d5 $1 {[%cal Rd5d4]} 17. g5 Bc5 18. Bxc5 Qxc5+ 19. Kh1 Ne8 {[%cal Bf6e8,Be8g7,Bg7e6][%mdl 32]} 20. Qh5 {Threatens to win with Rf3.} g6 (20... f6 $11) 21. Qh4 Ng7 {[%cal Rg6f5]} 22. Rbd1 gxf5 23. Rd3 Qd6 ({Better is} 23... f4 $17 24. Qh6 Be6) 24. Qh6 ({Don't go for} 24. Rh3 $2 Qg6 $19) (24. exd5 $15 f4 25. Qe1 cxd5 26. Ne4 $1 {[%mdl 512]}) 24... Qxh6 $19 25. gxh6 Ne6 26. exd5 Nc5 27. Re3 Nxb3 28. cxb3 Rfe8 29. Rfe1 f6 {White must now prevent ...cxd5.} ({Worse is} 29... Rxb3 30. Rxe5 Rxe5 31. Rxe5 $16) 30. d6 Rxb3 31. Na4 Rxe3 (31... Rb5 $1 $17 {...Rd8 is the strong threat.} 32. Rg3 Rd8) 32. Rxe3 $17 {[%mdl 4096] Endgame KRB-KRN} f4 {[%cal Bf5f4,Bf4f3,Bf3f2][%mdl 32]} 33. Re1 $1 e4 34. Nc5 {[#]} (34. Kg2 $1 $11) 34... e3 $1 35. Nxd7 $2 {[%mdl 8192] [#] KRN-KR} (35. Kg2 $17 Bg4 36. d7) 35... f3 $1 $19 {[%cal Rf3f2] ( -> ...f2). Black is clearly winning.} 36. Nxf6 (36. Rxe3 $142 Rxe3 37. Kg1) 36... f2 37. Rf1 e2 {[%cal Re2f1]} 38. Kg2 e1=Q 39. Nxe8 Qxe8 40. Rxf2 Qg6+ 41. Kf1 Qxd6 42. Ke1 Qxh6 43. Kd1 Kg7 {Accuracy: White = 27%, Black = 65%.} 0-1

[Event "28th WSCC Open 50 2018"]
[Site "Bled"]
[Date "2018.11.18"]
[Round "1"]
[White "Theuer, Carsten"]
[Black "Porper, Edward"]
[Result "0-1"]
[WhiteElo "1989"]
[BlackElo "2377"]
[Annotator "TA"]
[PlyCount "46"]
[EventDate "2018.11.17"]
[EventType "swiss"]
[EventCountry "SLO"]
[SourceTitle "playchess.com"]
[Source "ChessBase"]
[SourceQuality "1"]

{[%evp 9,46,37,57,32,42,39,53,14,11,10,22,2,14,0,25,-96,-38,-45,4,-30,-28,-34,0,-59,-53,-47,-50,-87,-83,-109,-106,-100,-109,-316,-302,-280,-274,-331,-290]} 1. e4 d6 2. d4 Nf6 3. Nc3 e5 4. dxe5 dxe5 5. Qxd8+ Kxd8 6. a3 {B07: Pirc Defence: Miscellaneous Systems} (6. Bg5 Be6 7. O-O-O+ Kc8 8. f4 exf4 9. Nf3 Nbd7 10. Bxf4 Bc5 11. h3 Nh5 12. Bh2 Be3+ 13. Kb1 Bf4 14. Bxf4 Nxf4 15. Nd4 c6 16. g3 Ng6 17. Nxe6 fxe6 {0-1 (53) Kravtsiv,M (2672)-Khismatullin,D (2632) Riadh 2017}) 6... Be6 7. Nf3 Bd6 8. Bg5 {White is slightly better.} Nbd7 9. O-O-O Kc8 10. h3 a6 (10... h6 $5 {[%cal Rh6g5]} 11. Be3 a6 $11) 11. Be2 b5 $146 ({Predecessor:} 11... h6 12. Bh4 g5 13. Bg3 Rg8 14. Rd2 Nh5 15. Rhd1 Nf4 16. Bxf4 exf4 {½-½ (63) Hundehege,T (1677)-Overesch,D (1657) Germany 2013}) 12. b4 (12. Be3 $11) 12... Ne8 (12... a5 $17 13. Rxd6 (13. Nxb5 Nxe4 14. Nxd6+ cxd6 $17) (13. Bxb5 axb4 14. axb4 Bxb4 $17) 13... cxd6) 13. Be3 f6 14. Ne1 {[%cal Bf3e1,Be1d3,Bd3b4][%mdl 32]} c6 15. Nd3 g6 16. g4 ({White should play} 16. Rd2 $11) 16... a5 $15 17. Kb2 Bc4 18. bxa5 Rxa5 19. Nb4 Bxe2 20. Nxe2 Kc7 21. Rd2 $2 {[#]} (21. Rd3 $17) 21... Be7 $19 {Black has a decisive advantage.} 22. Rhd1 Nd6 23. Kb3 Rha8 {Accuracy: White = 22%, Black = 53%.} 0-1

[Event "28th WSCC Open 50 2018"]
[Site "Bled"]
[Date "2018.11.18"]
[Round "1"]
[White "Hoffmann, Michael"]
[Black "Berend, Fred"]
[Result "0-1"]
[WhiteElo "1970"]
[BlackElo "2369"]
[Annotator "TA"]
[PlyCount "96"]
[EventDate "2018.11.17"]
[EventType "swiss"]
[EventCountry "SLO"]
[SourceTitle "playchess.com"]
[Source "ChessBase"]
[SourceQuality "1"]

{[%evp 16,96,43,43,38,42,66,47,51,33,58,36,53,48,65,27,37,-15,61,-20,6,-12,60,-14,37,-52,31,-53,-50,-59,-12,-15,-36,-70,6,0,8,-55,-52,-42,-37,-54,-57,-46,-39,-57,-54,-66,-25,-76,-37,-41,-10,-45,-31,-102,-92,-75,-18,-14,-9,-27,0,0,71,-82,-82,-82,-82,-137,-129,-456,-456,-456,-456,-450,-374,-445,-438,-420,-399,-383,-374]} 1. d4 Nf6 2. Nf3 e6 3. e3 b6 4. Bd3 Bb7 5. O-O d6 6. c4 {A47: 1 d4 Nf6 2 Nf3 b6: Torre, London and Colle Systems} Nbd7 7. Nc3 Be7 (7... g6 8. e4 Bg7 9. h3 e5 10. d5 O-O 11. Be3 Nh5 12. Bc2 Ba6 13. b3 h6 {1-0 (56) Benkovic,P (2375)-Savic,M (2545) Jahorina 2018}) 8. b3 O-O 9. Bb2 {LiveBook: 11 Games} Re8 10. Rc1 Nf8 $146 ({Predecessor:} 10... c5 11. Bb1 Bf8 12. Qe2 a6 13. Rfd1 Qc7 14. Rd2 Rad8 15. Rcd1 e5 16. dxe5 dxe5 17. Ng5 g6 18. Nge4 Nxe4 19. Bxe4 Bxe4 20. Nxe4 {0-1 (56) Spenner,F (2030)-Schuetzhold,F (2195) Seefeld 1996}) 11. Bb1 a6 12. Re1 Ng6 13. Qe2 Ra7 14. Red1 Qa8 15. Ne1 c5 16. Nf3 (16. Na4 $14) 16... Bc6 (16... Bxf3 $1 $11 17. gxf3 (17. Qxf3 Qxf3 18. gxf3 Nh4 $11) 17... Nh4) 17. Bc2 (17. e4 $1 $14) 17... Rc7 18. Bb1 Rb8 (18... Bxf3 $11 19. Qxf3 Qxf3 20. gxf3 Nh4) 19. a4 (19. e4 $1 $14) 19... Rbc8 (19... Bxf3 $11 20. gxf3 (20. Qxf3 Qxf3 21. gxf3 Nh4 $11) 20... cxd4 21. Rxd4 Rbc8) 20. h3 (20. e4 $1 $14) 20... Bb7 ({Black should try} 20... cxd4 $15 21. Rxd4 d5) 21. Ba3 (21. e4 $14) 21... cxd4 $15 22. Rxd4 d5 (22... Bxf3 $5 23. gxf3 d5 $15) 23. Bxe7 Nxe7 24. Bd3 Ng6 (24... Nc6 $15 25. Rh4 h6) 25. Bxg6 $1 $11 hxg6 26. Ng5 ({Better is} 26. Ne5 $11) 26... dxc4 27. bxc4 Rc5 ({Much weaker is} 27... Bxg2 $6 28. f3 $16) 28. f4 e5 29. fxe5 Rxe5 30. h4 Rce8 31. Rcd1 Qc8 32. R1d3 (32. e4 $11) 32... Qc5 {[#] aiming for ...Rxe3!} 33. Qf2 Rf5 34. Qd2 Bc6 35. g4 (35. Nd5 $15) 35... Rfe5 36. Qf2 Qe7 (36... Qa5 $17) 37. Nd5 Bxd5 38. cxd5 Qd6 39. Qf4 Rd8 (39... Qd7 $11) 40. Nxf7 $2 (40. Nf3 $16 {keeps the pressure on.} Ree8 41. Qxd6 Rxd6 42. Nd2) 40... Kxf7 $17 41. g5 {[#]} Rxd5 $1 {[%mdl 512]} 42. Qf2 (42. Qf3 $142 Qc5 43. gxf6 Rxd4 44. Rxd4 Rxd4 45. fxg7+ Kxg7 46. exd4 Qxd4+ 47. Kg2) (42. Rxd5 Qxf4) 42... Qe6 {Hoping for ...Rf5.} 43. Rc3 $2 {[%mdl 8192]} (43. gxf6 $17 {is more resistant.} gxf6 44. Qd2 Rxd4 45. Rxd4) 43... Rxd4 $19 44. exd4 Qg4+ 45. Kh2 Qxd4 46. Rc7+ Kg8 47. Qxd4 Rxd4 48. gxf6 gxf6 {Precision: White = 17%, Black = 22%.} 0-1

[Event "28th WSCC Open 50 2018"]
[Site "Bled"]
[Date "2018.11.19"]
[Round "2"]
[White "Sturua, Zurab"]
[Black "Kolesar, Milan"]
[Result "1-0"]
[WhiteElo "2529"]
[BlackElo "2198"]
[Annotator "TA"]
[PlyCount "125"]
[EventDate "2018.11.17"]
[EventType "swiss"]
[EventCountry "SLO"]
[SourceTitle "playchess.com"]
[Source "ChessBase"]
[SourceQuality "1"]

{[%evp 22,125,0,2,0,0,0,13,18,0,0,0,0,13,28,-66,-66,-71,103,112,90,53,67,56,72,41,44,47,45,32,37,16,14,0,0,0,6,0,29,20,19,14,13,0,46,35,52,53,53,49,56,23,20,19,19,19,18,16,84,76,90,34,25,15,42,0,3,3,3,0,30,30,30,26,71,62,88,41,55,11,95,95,97,97,117,114,128,153,128,135,338,326,475,474,6262,6262,6099,6094,5949,5409,5405,5097,1304,1189,6506,6506]} 1. c4 c6 2. Nf3 Nf6 3. d4 d5 4. Qc2 dxc4 5. Qxc4 Bf5 6. g3 e6 7. Bg2 Be7 8. O-O {D23: Queen's Gambit Accepted: 3 Nf3 Nf6 sidelines} O-O 9. e3 (9. Nc3 Nbd7 10. Re1 Rc8 11. e4 Bg4 12. Qb3 b5 13. h3 Bxf3 14. Bxf3 e5 15. dxe5 Nxe5 16. Bg2 Bc5 17. Rd1 Qe7 {½-½ (42) Mamedyarov,S (2820)-Borisek,J (2578) Batumi 2018}) 9... Nbd7 10. Rd1 Qc7 11. Nc3 Rad8 12. Qe2 {LiveBook: 3 Games} e5 13. h3 Rfe8 14. e4 exd4 15. Nxd4 Bg6 16. Bf4 Qc8 {[#]} 17. Rac1 $146 ({Predecessor:} 17. a3) 17... Bb4 {White should prevent ...Bxc3.} 18. f3 (18. Ndb5 $11) 18... Nh5 $1 $15 19. Bg5 Be7 $2 (19... Nxg3 $17 {and life is bright.} 20. Qf2 f6 21. Qxg3 fxg5) 20. Bxe7 $16 Rxe7 21. Qf2 $36 {[%mdl 2048] And now f4 would win. White fights for an advantage.} Nhf6 22. Nde2 Nb6 23. g4 Ne8 24. f4 {Strongly threatening f5.} f6 25. Ng3 (25. b3 {keeps more tension.} Bf7 26. Qe3 Nc7 27. Bf3 Red7 28. h4) 25... Red7 26. Rxd7 Rxd7 27. Nf1 Qd8 28. b3 Rd3 29. Ne2 Rd1 30. Qc5 Rxc1 31. Qxc1 Qd3 32. Nfg3 Qd6 33. Qe3 Nc7 34. h4 h6 35. Kf2 Nc8 36. g5 hxg5 37. hxg5 fxg5 38. f5 Bf7 39. Qxg5 Ne7 (39... Na6 $11 {keeps the balance.}) 40. Qe3 Qa3 41. Qd2 (41. Qf4 $16 Ne8 42. Bf3) 41... Qc5+ $14 42. Kf1 Qe5 43. Qb4 (43. Qc3 {is interesting.} Qf6 44. e5 Qg5 45. Qc1 Qg4 46. Qf4) 43... b6 44. Qc3 Qxc3 45. Nxc3 Kf8 46. Kf2 c5 47. e5 Ned5 48. Nxd5 Bxd5 $16 {[%mdl 4096] Endgame KBN-KBN} 49. Bf1 a5 50. Bd3 b5 (50... a4 $11 {remains equal.}) 51. Ne2 b4 52. Nf4 Ke7 53. Ke3 a4 54. bxa4 Bxa2 {[#]} 55. Be4 $1 Bb3 $2 {[#]} (55... c4 $16 56. Kd4 Bb3) 56. a5 $1 $18 {[%cal Ba4a5,Ba5a6,Ba6a7][%mdl 32]} Bc4 (56... Na6 $142 57. Bb7 Nc7) 57. Nd3 {White is clearly winning.} Nd5+ (57... Na6 $142 58. Bb7 Nc7 59. Nxc5 b3) 58. Bxd5 Bxd5 59. Nxc5 b3 60. Kd2 Kf7 61. a6 g5 62. a7 g4 {[#]} 63. Nxb3 $1 {[%mdl 512] Accuracy: White = 63%, Black = 47%.} 1-0

[Event "28th WSCC Open 50 2018"]
[Site "Bled"]
[Date "2018.11.19"]
[Round "2"]
[White "Bischoff, Klaus"]
[Black "Koehler, Gerhard"]
[Result "1-0"]
[WhiteElo "2507"]
[BlackElo "2197"]
[Annotator "TA"]
[PlyCount "61"]
[EventDate "2018.11.17"]
[EventType "swiss"]
[EventCountry "SLO"]
[SourceTitle "playchess.com"]
[Source "ChessBase"]
[SourceQuality "1"]

{[%evp 9,61,87,98,54,71,68,74,70,65,58,57,55,85,52,94,89,109,74,117,73,139,144,142,142,155,133,150,125,145,143,143,131,120,137,134,137,282,281,275,254,252,252,252,254,261,259,261,259,249,250,387,254,551,535]} 1. d4 Nf6 2. c4 d6 3. Nc3 e5 4. Nf3 e4 5. Nd2 Qe7 6. Nb3 {A54: Old Indian Defence with Nf3, but without e4} h6 7. h3 Bf5 $146 ({Predecessor:} 7... c6 8. Bf4 g5 9. Bh2 e3 10. fxe3 Qxe3 11. Qd3 Qxd3 12. exd3 Be6 {1-0 (36) Al Sayed,M (2520)-Rakhmanov,A (2637) Berlin 2015}) 8. g4 {White is better.} Bh7 9. g5 hxg5 10. Bxg5 c6 11. e3 Na6 12. a3 Bf5 13. Nd2 Nc7 {[#]} 14. d5 $1 {[%mdl 512]} c5 (14... cxd5 $142 15. cxd5 O-O-O) 15. Bg2 Qd7 16. Bxf6 gxf6 17. Qc2 O-O-O 18. O-O-O Be7 19. Bxe4 Bxe4 20. Ndxe4 f5 21. Ng3 f4 22. exf4 Rxh3 (22... Rh4 $16) 23. Rxh3 $18 Qxh3 24. Rh1 Qg4 25. Qf5+ Qxf5 26. Nxf5 Kd7 27. Rh7 Rf8 28. Ne4 b5 29. b3 a6 (29... bxc4 {keeps fighting.} 30. bxc4 Ne8) 30. Kc2 Na8 $2 {[#]} (30... Ne8 31. Rh6 bxc4 32. bxc4 Rg8) 31. Rh6 {Accuracy: White = 53%, Black = 36%.} 1-0

[Event "28th WSCC Open 50 2018"]
[Site "Bled"]
[Date "2018.11.19"]
[Round "2"]
[White "Prie, Eric"]
[Black "Biro, Sandor"]
[Result "1-0"]
[WhiteElo "2482"]
[BlackElo "2191"]
[Annotator "TA"]
[PlyCount "75"]
[EventDate "2018.11.17"]
[EventType "swiss"]
[EventCountry "SLO"]
[SourceTitle "playchess.com"]
[Source "ChessBase"]
[SourceQuality "1"]

{[%evp 9,75,35,80,47,55,35,46,51,68,37,53,49,51,44,37,35,42,29,33,0,0,0,0,0,4,0,0,-4,-29,-45,-20,-32,-24,-33,-26,-34,-27,-36,-20,-22,-22,-26,0,-28,-19,-28,-25,-29,-35,-91,-35,-25,183,175,406,389,917,916,904,843,897,879,847,807,29996,29997,29997,29998]} 1. d4 Nc6 2. Nf3 d5 3. Nbd2 Bg4 (3... Bf5 4. c4 e6 5. a3 Nf6 6. e3 h6 7. b4 Be7 8. Bb2 O-O 9. Be2 Ne4 10. O-O Nxd2 11. Nxd2 {1-0 (26) Meier,G (2570)-Cherniaev,A (2491) Moscow 2008}) 4. h3 Bh5 5. e3 f6 6. Bb5 {D02: 1 d4 d5 2 Nf3 sidelines, including 2...Nf6 3 g3 and 2...Nf6 3 Bf4} e6 7. c4 $146 ({Predecessor:} 7. O-O Nge7 8. b3 a6 9. Be2 g5 10. c4 Bg6 11. Bb2 Bg7 12. Ne1 {1-0 (42) Havanecz,B (2282)-Brustkern,J (2223) Budapest 2015}) 7... Nge7 8. cxd5 {White is slightly better.} exd5 9. a3 a6 10. Be2 Nc8 11. Nb3 Nd6 12. Nc5 Qc8 13. Qa4 Be7 14. Ne5 Bxe2 15. Nxc6 {aiming for Na7+.} Bb5 {[%mdl 64] Double Attack} 16. Nxe7 Kxe7 17. Qc2 b6 18. a4 bxc5 19. axb5 c4 (19... cxd4 {is more complex.} 20. O-O Nxb5 21. exd4 Kf7 22. Be3 g6) 20. bxa6 Rxa6 21. Rxa6 Qxa6 22. O-O g6 23. f3 Rb8 24. e4 Qb6 25. Rd1 Qb3 26. Qe2 Kf7 {next ...dxe4 is good for Black.} 27. e5 Re8 28. Bf4 Nf5 29. g4 {[#]} ({Better is} 29. Qd2 $1 $15) 29... Nh4 (29... Ng7 $1 $17) 30. Kf2 $15 fxe5 $2 (30... g5 $11 31. Bg3 Ng6) 31. dxe5 $18 g5 $2 (31... c6 32. Kg3 g5 33. Bxg5 Ng6) 32. Bxg5 Rxe5 $2 (32... Ng6) 33. Qxe5 {[%mdl 64] Double Attack} Qxf3+ 34. Ke1 Qh1+ {[#]} 35. Kd2 $1 {Qf6+ would kill now.} ({Inferior is} 35. Ke2 Qg2+ 36. Ke3 Qxh3+ 37. Kf2 Qg2+ 38. Ke3 Qh3+ 39. Kf2 Qg2+ 40. Ke3 Qh3+ $11) 35... Nf3+ 36. Ke3 {White wants to mate with Qf6+.} Qxd1 37. Qe7+ Kg8 38. Qe6+ {Accuracy: White = 52%, Black = 45%.} 1-0

[Event "28th WSCC Open 50 2018"]
[Site "Bled"]
[Date "2018.11.19"]
[Round "2"]
[White "Arkell, Keith C"]
[Black "Fritsch, Rolf"]
[Result "1-0"]
[WhiteElo "2443"]
[BlackElo "2189"]
[Annotator "TA"]
[PlyCount "66"]
[EventDate "2018.11.17"]
[EventType "swiss"]
[EventCountry "SLO"]
[SourceTitle "playchess.com"]
[Source "ChessBase"]
[SourceQuality "1"]

{[%evp 18,66,58,57,88,72,69,47,71,43,67,52,65,54,102,75,141,128,137,113,142,136,128,130,139,140,210,221,214,221,367,362,349,346,348,311,381,291,282,283,285,279,289,290,266,277,349,330,388,337,691]} 1. d4 d6 2. Nf3 g6 3. g3 Bg7 4. Bg2 Nd7 5. c4 e5 6. Nc3 Ne7 7. O-O O-O 8. e4 exd4 9. Nxd4 Ne5 10. b3 {LiveBook: 44 Games} Bg4 {A42: Modern Defence: Averbakh Variation} (10... c6 11. h3 f5 12. Be3 Nf7 13. Rc1 fxe4 14. Nxe4 Qa5 15. g4 d5 16. Ng5 dxc4 17. Nxf7 Rxf7 18. bxc4 Qxa2 19. Nb3 Bd7 20. Nc5 Be8 21. Ne6 Be5 22. f4 Qa3 23. Bc5 {1-0 (23) Skoberne,J (2544)-Vujadinovic,G (2322) Novi Sad 2017}) 11. f3 Bd7 12. Be3 a6 $146 {White is slightly better.} ({Predecessor:} 12... Qc8 13. Rc1 Bh3 14. Nd5 Nxd5 15. cxd5 Bxg2 16. Kxg2 Qd7 17. Qd2 Rfc8 18. Rfd1 {½-½ (51) Medic,M (2271)-Ivekovic,M (2220) Zagreb 2011}) 13. a4 c5 14. Nde2 Qc7 15. Qd2 Rfd8 16. Rad1 Bc6 (16... b5 $142) 17. h3 Qb6 18. Qc2 Bd7 19. f4 N5c6 20. Rxd6 {aiming for Nd5.} Bd4 21. Qd3 {[%cal Re2d4]} Qc7 (21... Be6 $16 22. Rxd8+ Rxd8) 22. Rxd4 $18 cxd4 23. Nxd4 f5 (23... Be6 {was necessary.} 24. Nd5 Bxd5) 24. Nd5 Nxd5 25. exd5 Nb4 26. Qc3 Re8 27. Ne6 Bxe6 28. Qxb4 Bf7 29. Bb6 Qd7 30. Qc3 Rac8 31. Qd4 Re2 32. Bf3 Ree8 33. Kg2 {[#] Ba5 is the strong threat.} Qe7 $2 {Precision: White = 74%, Black = 31%.} (33... h6 34. Ba5 Kh7) 1-0

[Event "28th WSCC Open 50 2018"]
[Site "Bled"]
[Date "2018.11.19"]
[Round "2"]
[White "Bagaturov, Giorgi"]
[Black "Kannenberg, Karl-Heinz"]
[Result "1-0"]
[WhiteElo "2417"]
[BlackElo "2182"]
[Annotator "TA"]
[PlyCount "103"]
[EventDate "2018.11.17"]
[EventType "swiss"]
[EventCountry "SLO"]
[SourceTitle "playchess.com"]
[Source "ChessBase"]
[SourceQuality "1"]

{[%evp 22,103,0,-21,16,16,22,14,53,51,47,30,42,24,41,-16,-3,-51,6,0,0,-3,0,-7,17,-35,-35,-27,-28,-92,-93,-84,-73,-91,-79,-113,-100,-97,-97,-95,-92,-106,-104,-111,-112,-117,-105,-125,-113,-160,-135,-212,-216,-206,-210,-188,0,0,206,199,199,199,239,245,196,150,135,143,121,90,139,126,303,325,312,291,515,528,725,727,738,671,791,759]} 1. d4 d5 2. c4 c6 3. Nf3 Nf6 4. Qc2 dxc4 5. Qxc4 Bf5 6. g3 Nbd7 7. Bg2 e6 8. O-O Be7 9. Nc3 O-O 10. e3 b5 11. Qe2 {D23: Queen's Gambit Accepted: 3 Nf3 Nf6 sidelines} b4 12. Nb1 {LiveBook: 19 Games} Qa5 (12... Rc8 13. Rd1 c5 14. dxc5 Rxc5 15. Nd4 Be4 16. Bxe4 Nxe4 17. f3 Nef6 18. Nd2 Qb6 19. N2b3 Rcc8 20. Kh1 a5 21. Qb5 Qxb5 22. Nxb5 a4 23. N3d4 g6 24. Na7 {½-½ (24) Van Wely,L (2664)-Krejci,J (2533) Germany 2015}) 13. Nbd2 {The position is equal.} Rac8 $146 ({Predecessor:} 13... Qb5 14. Qxb5 cxb5 15. Ne5 Nxe5 16. dxe5 Ng4 17. Nf3 Be4 18. h3 Nh6 {1-0 (43) Zpevak,P (2351)-Chrenko,K (1992) Stare Mesto 2017}) 14. Re1 Qb5 15. Qxb5 cxb5 16. e4 Bg6 17. Bf1 a6 18. Bd3 (18. Nh4 $14) 18... Rfd8 $36 {[%mdl 2048] White is under pressure.} 19. Nb3 Nc5 (19... Nb6 $15) 20. dxc5 {Strongly threatening Ne5.} Rxd3 21. Ne5 Rdd8 22. Bg5 Bxc5 23. Nxg6 (23. Rac1 $11 Bf8 24. f3) 23... hxg6 $15 24. e5 Rd5 25. exf6 (25. Rac1 $11 {keeps the balance.}) 25... Rxg5 $17 26. Rac1 a5 ({Much worse is} 26... gxf6 $6 27. Rc2 $14) 27. Kg2 Rd5 ({Of course not} 27... gxf6 $6 28. Re2 $11) 28. Nxa5 Ra8 29. Nb3 Bf8 30. fxg7 Bxg7 31. Rc2 Rxa2 32. Ree2 Bf6 33. h4 Kg7 34. Kh3 Rd1 35. Nc5 Rb1 {[%cal Ra2b2]} 36. Nxe6+ (36. Nd3 $17 {was called for.}) 36... fxe6 $19 37. Rc7+ Kf8 $1 38. Rxe6 Bd8 $2 (38... Bxb2 $19 {White must now prevent ...b3.} 39. Rxg6 Rc1) 39. Rd7 $11 Rbxb2 $2 (39... Ra8 $11 {and Black is okay.}) 40. Rxd8+ {[%mdl 4096] Endgame KRR-KRR} Kf7 {[#]} 41. Rb6 $1 {And now Rd7+ would win.} Rd2 {[#]} 42. Rb7+ $1 Ke6 43. Rg8 Kd5 44. Rxb5+ Kc4 45. Rgb8 Ra4 46. R5b6 Kc3 $2 (46... Rxf2 $16 47. Rxg6 Rf5 48. Rg4+ Kc3) 47. Rc6+ $18 ({But not} 47. Rxg6 $6 Rxf2 48. h5 b3 $18) 47... Kb2 48. Rxg6 b3 $2 (48... Rxf2 49. Rgb6 Kc3) 49. Rgb6 {White is clearly winning.} Rd3 50. h5 {[%cal Bh4h5,Bh5h6][%mdl 32]} Kc2 51. h6 Ra5 52. Kg4 {Accuracy: White = 63%, Black = 51%.} 1-0